Missing Word: Bill Murray Quiz Stats

Quiz Updated Jul 9, 2012

Challenge
Share
Tweet
Embed
Score 0/20 Timer 02:00
0 Plays Today
Movie Title Missing Word % Correct
Larger than _____Life
94%
_____ in TranslationLost
89.8%
Little _____ of HorrorsShop
86.8%
_____ SmartGet
79.3%
The Razor's _____Edge
76.4%
The _____ TenenbaumsRoyal
75.4%
Charlie's _____Angels
73.6%
The Man Who _____ Too LittleKnew
72.4%
_____ DayGroundhog
67.9%
What _____ Bob?About
67.6%
Movie Title Missing Word % Correct
The _____ LinkMissing
63.2%
Osmosis _____Jones
60.3%
_____ Mr. FoxFantastic
59%
The Life _____ with Steve ZissouAquatic
53%
The Darjeeling _____Limited
35%
_____ ThingsWild
34.6%
Ed _____Wood
31.9%
_____ Will RockCradle
28.1%
_____ Dog and GloryMad
23.2%
Quick _____Change
7.9%

Today's Daily Dose

You're not logged in!

Compare scores with friends on all Sporcle quizzes.
Sign Up with Email
OR
Log In

You Might Also Like...

Show Comments

Extras

Top Quizzes Today


Score Distribution

Your Account Isn't Verified!

In order to create a playlist on Sporcle, you need to verify the email address you used during registration. Go to your Sporcle Settings to finish the process.